000 00509nam a2200145 4500
082 _aMSEE-4 ALI
100 _aFaqeed Haider Ali
245 _aBeam steering of array antenna using all optical technique
260 _aIslamabad
_bNUST-SEECS
_c2016
300 _a92p.
_eCD Includes
856 _uhttp://10.250.8.41:8080/xmlui/handle/123456789/8567
942 _2ddc
_cTHE
999 _c328728
_d328728